00602 2200193 4500001002100000005001500021035002000036007000300056008004100059020002200100082000800122084001400130100002000144245009400164250002600258260003700284300005500321650003200376INLIS00000000000406820251118024126 a0010-1125000100ta251118 g 0 ind  a978-602-6725-60-8 a500 a500 TIM k0 aTim Sains Eduka1 aKumpulan Materi IPA SD/MI Kelas 4, 5, & 6 /cTim Sains Eduka (Penulis); Dini (Penyunting) aCetakan Pertama, 2022 aJakarta Selatan :bBmedia,c2022 aiv; 292 Halaman :bIlustrasi; teks; tabel ;c18 cm 4aSains Ilmu Pengetahuan Alam